সংস্কৃতির রূপান্তর / (Record no. 78281)
[ view plain ]
| 000 -LEADER | |
|---|---|
| fixed length control field | 00799nam a2200229 a 4500 |
| 001 - CONTROL NUMBER | |
| control field | 78281 |
| 003 - CONTROL NUMBER IDENTIFIER | |
| rucl marc code | BD-RjUL |
| 005 - DATE AND TIME OF LATEST TRANSACTION | |
| control field | 20211209083119.0 |
| 008 - FIXED-LENGTH DATA ELEMENTS--GENERAL INFORMATION | |
| fixed length control field | 151102s1949 ii ||||| |||| 001 0 ben d |
| 035 ## - SYSTEM CONTROL NUMBER | |
| System control number | (BD-RjUL)78507 |
| 040 ## - CATALOGING SOURCE | |
| Original cataloging agency | BD-RjUL |
| Language of cataloging | ben |
| Transcribing agency | BD-RjUL |
| 041 ## - LANGUAGE CODE | |
| Language code of text/sound track or separate title | ben |
| 082 ## - DEWEY DECIMAL CLASSIFICATION NUMBER | |
| Edition number | 23 |
| Classification number | 306 |
| Author mark and year | HAS 1949 |
| 100 ## - MAIN ENTRY--PERSONAL NAME | |
| Personal name | হালদার, গোপাল. |
| 9 (RLIN) | 118374 |
| 245 10 - TITLE STATEMENT | |
| Title | সংস্কৃতির রূপান্তর / |
| Statement of responsibility, etc. | গোপাল হালদার. |
| 250 ## - EDITION STATEMENT | |
| Edition statement | ৩য় সং. |
| 260 ## - PUBLICATION, DISTRIBUTION, ETC. (IMPRINT) | |
| Place of publication, distribution, etc. | কলিকাতা : |
| Name of publisher, distributor, etc. | পুথিঘর, |
| Date of publication, distribution, etc. | ১৩৫৬ [১৯৪৯] |
| 300 ## - PHYSICAL DESCRIPTION | |
| Pagination | ২৬৩ পৃ. ; |
| Size | ২২ সেমি. |
| 650 ## - SUBJECT ADDED ENTRY--TOPICAL TERM | |
| Topical term or geographic name as entry element | সংস্কৃতি |
| General subdivision | ইতিহাস |
| 9 (RLIN) | 118375 |
| Topical term or geographic name as entry element | Culture |
| General subdivision | History |
| -- | Congresses. |
| 9 (RLIN) | 118376 |
| 942 ## - ADDED ENTRY ELEMENTS (KOHA) | |
| Source of classification or shelving scheme | Dewey Decimal Classification |
| Koha item type | Books |
| Lost status | Source of classification or shelving scheme | Damaged status | Not for loan | Collection code | Permanent Location | Current Location | Shelving location | Date acquired | Source of acquisition | Cost, normal purchase price | Total Checkouts | Full call number | Date last seen | Copy number | Koha item type |
|---|---|---|---|---|---|---|---|---|---|---|---|---|---|---|---|
| Dewey Decimal Classification | Not For Loan | Non-fiction | Central Library, University of Rajshahi | Central Library, University of Rajshahi | Reading Room | 06/02/1958 | Kamala book | 5.00 | B 306 HAS 1949 | 01/09/2021 | C-1 | Books |